Chico Buarque - Construção (Letra Completa) - Statistics

Estatísticas Gerais
  • Esse quiz foi jogado 106 vezes
  • A pontuação média é 275 de 389
Estatísticas das Respostas
Letra % Correto
a
100%
A
100%
o
97%
com
96%
se
96%
como
95%
fosse
95%
última
92%
E
91%
e
91%
mulher
89%
Beijou
88%
na
86%
sua
85%
construção
84%
de
84%
no
82%
um
82%
atrapalhando
81%
príncipe
81%
filho
80%
Morreu
80%
seu
80%
Amou
78%
bêbado
78%
contramão
78%
tráfego
78%
ar
77%
paredes
77%
vez
77%
Comeu
76%
sábado
76%
Subiu
76%
quatro
74%
único
74%
cada
73%
feijão
73%
daquela
72%
do
72%
patamar
72%
pra
72%
rua
72%
arroz
70%
passo
70%
tímido
70%
atravessou
69%
chão
66%
sólidas
66%
única
66%
paredes
65%
Tijolo
65%
tijolo
65%
Por
64%
por
64%
último
62%
desenho
61%
Ergueu
61%
patamar
61%
lhe
59%
lógico
59%
máquina
58%
me
58%
pródigo
58%
Deus
57%
música
57%
num
57%
pacote
57%
pague
57%
Sentou
57%
esse
55%
ouvisse
55%
céu
54%
descansar
54%
Ergueu
54%
náufrago
54%
Dançou
53%
acabou
51%
Bebeu
51%
cimento
51%
tropeçou
51%
feito
50%
flácido
50%
pássaro
50%
público
50%
Seus
50%
flutuou
49%
lágrima
49%
olhos
49%
comer,
47%
dormir
46%
náufrago
46%
gargalhou
45%
pão
45%
soluçou
45%
cachaça
43%
passeio
43%
que
43%
Agonizou
42%
meio
42%
próximo
42%
Pela
41%
pela
41%
máximo
38%
desgraça,
36%
embotados
36%
flácidas
36%
gente
36%
nos
36%
engolir
35%
graça
35%
sorrir
35%
certidão
34%
cuspir
34%
sólido
34%
existir
32%
nascer,
32%
tem
32%
deixar
31%
fumaça,
31%
mágicas
31%
carpinteira
30%
respirar,
28%
concessão
26%
tossir
26%
derradeira
20%
redimir
20%
vai
20%
cair
19%
paz
19%
beijar
18%
enfim
18%
moscas-bicheiras
16%
pelas
16%
Pelos
16%
andaimes,
15%
louvar
15%
cobrir
12%
pingentes,
12%
Nenhum quiz correspondente encontrado
Distribuição das Pontuações
Porcentagem de Pessoas com Cada Pontuação
Percentil de Números Respondidos
Sua Pontuação Histórica
Você não jogou esse quiz